Oldest Known Moons - Statistics

General Stats
  • This quiz has been taken 95 times
  • The average score is 15 of 20
Answer Stats
Year of discovery Planet Answer % Correct
1610 Jupiter Io
97%
1610 Jupiter Europa
94%
1610 Jupiter Ganymede
94%
1655 Saturn Titan
92%
1877 Mars Deimos
88%
1877 Mars Phobos
88%
1610 Jupiter Callisto
83%
1846 Neptune Triton
82%
1787 Uranus Titania
78%
1787 Uranus Oberon
74%
1672 Saturn Rhea
68%
1851 Uranus Umbriel
68%
1851 Uranus Ariel
66%
1671 Saturn Iapetus
65%
1789 Saturn Mimas
65%
1789 Saturn Enceladus
63%
1684 Saturn Tethys
63%
1684 Saturn Dione
62%
1898 Saturn Phoebe
43%
1892 Jupiter Amalthea
42%
No matching quizzes found
Score Distribution
Percent of People with Each Score
Percentile by Number Answered
Your Score History
You have not taken this quiz